| 000 | 00911nas a2200277 4500 | ||
|---|---|---|---|
| 001 | BR9502706 | ||
| 003 | BR-BrBNA | ||
| 005 | 20231205094337.0 | ||
| 007 | ta | ||
| 008 | 230509b bl.|||p| |||| 00| 00por d | ||
| 040 |
_aBR-BrBNA _bpor _cBiblioteca Nacional de Agricultura |
||
| 041 | _a(Pt) | ||
| 072 | _aQ02; Q04 | ||
| 100 | 1 | _aWosiacki, G. | |
| 100 | 1 | _aCereda, M.P. | |
| 100 | 1 | _aBrito, O.R. | |
| 100 | 1 | _aCesar, E. de O. | |
| 245 | 1 | _aAvaliacao de doze cultivares de batata doce (Ipomoea batatas, L.)colhidas na area experimental da Universidade Estadual de Londrina | |
| 650 | _aBatata Doce | ||
| 650 | _aProcessamento | ||
| 650 | _aFarinha | ||
| 650 | _aAnalise de Alimento | ||
| 773 | 0 |
_tBoletim do Centro de Pesquisa e Processamento de Alimentos (Brazil) _xISSN 0102-0323 _g(Jul-Dec 1988), v. 6(2) p. 65-72 _wBR9502706 |
|
| 909 |
_a202311 _bLúcia _c55 _dLúcia Elande |
||
| 942 |
_2AGRIS _n0 _cANA |
||
| 999 |
_c143697 _d143697 |
||